000 01540nam0a2200373 4500
001 RU\NLR\bibl\138839
005 20260407031003.0
010 _a5-7997-0148-8
_9140
021 _aRU
_b2000-35374
_91639
035 _a(NLR Aleph) 000135997
090 _a777536
_c777536
100 _a20010205d1999 |||y0rusy50 ca
101 0 _arus
102 _aRU
105 _ac |||||||||
200 1 _aАктуальные проблемы социальных наук
_e[Сб. ст.]
_fГерценовские чтения 1999
_g[Редкол.: В. Ю. Сморгунова (отв. ред.) и др.]
210 _aСПб.
_cНИИ химии
_d1999
215 _a228 с.
_cпортр.
_d21
300 _aВ надзаг.: Фак. социал. наук, Рос. гос. пед. ун-т им. А. И. Герцена
300 _aНа тит. л.: Фак. соц. наук РГПУ им. А. И. Герцена 80 лет
606 0 _aОбщественные науки
_jСъезды, совещания и т.п.
_91112139
_3RU\NLR\auth\66119728
610 0 _aОбщественные науки
675 _a30(082)
_v3
_zrus
686 _a04.51
_2rugasnti
686 _a60
_2rubbk
686 _aС.я431
702 1 _aСморгунова
_bВ. Ю.
_4340
711 1 2 _aГерценовские чтения
_f1992
_eСанкт-Петербург
_3RU\NLR\AUTH\8810012937
_9523718
801 0 _aRU
_bRKP
_c20010205
_gPSBO
801 1 _aRU
_bRKP
_c20010205
801 2 _aRU
_bNLR
_c20010515
_grcr
942 _cBOOK
980 _aNB